000 00653nam a22002177a 4500
003 UA-OsUOA
001 69008
007 ta
008 20100531b un ||||| |||| 00| 0 ukr d
100 _aЛісничий А.
090 _a32
_bЛ67
942 _cSA
040 _aUA-OsUOA
_bukr
_cUA-OsUOA
_dUA-OsUOA
245 _aВплив виборів 2006 року на владно-партійну взаємодію системи місцевого самоврядування в Україні
300 _aС.24-27
955 _a0
041 _aukr
080 _a32
773 0 _w69004
_tВіче
_dК.
_d2010
_g10
650 7 _a32 Політика
_2UDC
999 _c355261
_d355261